La manta (Record no. 112853)

MARC details
000 -LEADER
campo de control de longitud fija 00508nam a2200169 4500
001 - NÚMERO DE CONTROL
campo de control 112853
003 - IDENTIFICADOR DE NÚMERO DE CONTROL
campo de control ES-MaACL
005 - FECHA Y HORA DE LA ÚLTIMA TRANSACCIÓN
campo de control 20230906185644.0
007 - CAMPO FIJO DE DESCRIPCIÓN FÍSICA--INFORMACIÓN GENERAL
campo de control de longitud fija t|
008 - DATOS DE LONGITUD FIJA--INFORMACIÓN GENERAL
campo de control de longitud fija 061121s1960 sp r ||||1| spa d
100 1# - ENTRADA PRINCIPAL--NOMBRE DE PERSONA
Nombre de persona Murray, A. A.
9 (RLIN) 84632
245 13 - MENCIÓN DEL TÍTULO
Título La manta
Resto del título : novela /
Mención de responsabilidad, etc. A. A. Murray ; traducción del inglés por Juna González de Luaces.
260 ## - PUBLICACIÓN, DISTRIBUCIÓN, ETC.
Lugar de publicación, distribución, etc. Barcelona :
Nombre del editor, distribuidor, etc. Planeta,
Fecha de publicación, distribución, etc. 1960.
300 ## - DESCRIPCIÓN FÍSICA
Extensión 250 p. ;
Dimensiones 20 cm.
700 0# - ENTRADA AGREGADA--NOMBRE PERSONAL
Nombre de persona Luaces, Juan G. de.
9 (RLIN) 74483
852 ## - LOCALIZACIÓN
Ubicación ES-MaACL
Número de control de estantería C-19726
Sublocalización o colección R.47207
Holdings
Estatus retirado Estado de pérdida Estado de daño No para préstamo Biblioteca de origen Biblioteca actual Ubicación en estantería Fecha de adquisición Fuente de adquisición Total de préstamos Signatura topográfica completa Código de barras Visto por última vez Precio de reemplazo Tipo de ítem Koha
        Biblioteca del Ateneo de Madrid Biblioteca del Ateneo de Madrid Galería 17/01/2008     C-19726 1117714 23/02/2023 23/02/2023 Libro impreso